[Event "*Pan-Am Intercollegiate Championship"]
[Site "Chess.com"]
[Date "2021.01.04"]
[Round "3.2"]
[White "Morris, Conrad"]
[Black "Getz, Nate"]
[Result "0-1"]
[WhiteElo "1517"]
[BlackElo "1701"]
[Annotator "Ralph Dubisch"]
[PlyCount "74"]
[EventDate "2021.01.04"]
[EventRounds "9"]

{[%evp 0,74,20,26,8,-10,40,37,33,37,44,43,34,6,59,20,43,36,86,87,86,77,102,83,
51,55,59,-19,-26,-38,-34,-198,-179,-194,-204,-204,-207,-207,-208,-212,-174,
-235,-249,-283,-271,-364,-386,-384,-392,-407,-405,-443,-419,-445,-445,-458,
-460,-606,-528,-565,-620,-575,-769,-681,-839,-1514,-1520,-1545,-1294,-1381,
-851,-1548,-1550,-1581,-1696,-2239,-2384]} 1. d4 Nf6 2. c4 g6 3. Nc3 Bg7 4. Nf3
O-O 5. e4 d6 6. Bd3 ({A rare choice. The main move here is, of course,} 6. Be2
{, when} e5 7. O-O Nc6 8. d5 Ne7 {is a normal continuation.}) 6... Na6 (6...
Bg4 {also looks like a principled response. The light-square bishop gets into
the fight for the central dark squares in the only way possible: it pressures
the f3-knight.}) 7. a3 c5 8. d5 e6 9. O-O exd5 10. exd5 h6 11. h3 Nc7 12. Bf4 (
12. Re1 $14) 12... b5 $1 13. Nxb5 $6 Nxb5 14. cxb5 Nxd5 15. Be4 $2 ({Careful!
That superficially attractive pin is only "relative."} 15. Bg3 $13) 15... Nxf4
$1 16. Bxa8 Bxh3 $1 17. gxh3 Qxa8 {Material is roughly equal, but the weakness
around the white king is absolutely decisive.} 18. Kh2 Qc8 19. Ng1 Be5 20. Re1
Qf5 21. Qg4 Nd3+ 22. Rxe5 Qxe5+ 23. Qg3 Qxb2 24. Qxd3 Qxa1 25. Qxd6 Qd4 26. Qg3
Re8 27. Nf3 Qd5 28. h4 Kg7 29. Kg2 c4 30. a4 c3 31. Qc7 Qd3 32. Ne5 Qe4+ 33.
Nf3 c2 34. Qc3+ Kh7 35. Qf6 Qg4+ 36. Kh2 Qf5 37. Qc3 Rc8 0-1

[Event "Pan-Am Intercollegiate Championship"]
[Site "Chess.com"]
[Date "2021.01.04"]
[Round "3.2"]
[White "Whale, Nicholas"]
[Black "Anthony, Toni"]
[Result "1-0"]
[WhiteElo "2065"]
[BlackElo "639"]
[Annotator "Nicholas Whale"]
[PlyCount "71"]
[EventDate "2021.01.04"]
[EventRounds "9"]

{[%evp 0,71,30,11,49,49,44,43,56,73,73,64,33,36,28,9,40,8,1,-7,-1,3,0,2,-14,
-13,-10,-10,-10,-10,188,194,196,218,223,206,213,204,249,202,297,283,472,322,
320,328,339,331,401,292,365,365,431,339,643,649,649,663,773,766,1060,1090,1104,
1096,1254,1303,1348,1391,29989,1482,29997,29998,29999,-30000] It was tempting
to brush this game off as an easy win given the rating difference, but given
that this rating was 11 years old, it meant pretty much nothing. And having
both dealt and received a few upsets of hundreds of points in my time, you
learn to never underestimate anyone.} 1. e4 c5 2. Nf3 Nc6 3. Bb5 a6 4. Bxc6 {
I went for a more strategic line, trying to outplay her that way. I was
unpleasantly surprised in the opening...} bxc6 (4... dxc6 {is more common, but
there's nothing wrong with the text move.}) 5. d3 d6 6. O-O {Too routine.} (6.
e5 $1 {disrupts Black's operations more, and if I had considered what I might
be getting myself into after move 13, I would have definitely played this.})
6... e5 $1 7. Nc3 $6 {The knight is pretty useless here.} (7. Nbd2 {intending
to follow up with Re1 and Nf1-e3 or g3, like in a Ruy Lopez, would be a better
idea.}) 7... h6 8. Be3 Nf6 9. h3 Be6 10. b3 Be7 11. Nh2 O-O 12. f4 exf4 13.
Bxf4 d5 $1 {A nice thematic push, trying to activate the bishops. I knew I had
absolutely no advantage, and according to Stockfish Black is even a bit better.
Clearly things haven't worked out.} 14. e5 Ra7 $4 {Presumably a mouseslip;
unfortunate, but one of the risks of online play...} ({Simply} 14... Nd7 {
and it's not clear what exactly I'm supposed to be doing here.}) 15. exf6 Bxf6
{Even up a piece, I had more trouble converting than I would have liked.} 16.
Bd2 Bd4+ 17. Kh1 Re7 18. Rb1 Qc7 19. Ne2 Bf6 $6 ({I was expecting} 19... Be5 {
, which offers slightly better resistance.}) 20. Bxh6 (20. Rxf6 $1 {is even
better.} gxf6 21. Nf4 {is simply devastating with my queen coming in next.
This possibility was available for a couple more moves, so I guess I just
wasn't looking for it. I was very focused on not blundering anything.}) 20...
Qd7 21. Bd2 (21. Rxf6 $1) 21... Rfe8 22. Nf4 (22. Rxf6 $1 {...sigh.}) 22... Bf5
23. Qf3 Bg5 24. Rbe1 ({Yet another tactical opportunity missed:} 24. Nxd5 $1)
24... Qd6 25. Rxe7 Rxe7 26. Bc1 Qc7 $2 27. Nxd5 $1 {Finally I see something.
Now the rest is simple.} cxd5 28. Bxg5 Re5 $6 29. Bf4 Qe7 30. Bxe5 Qxe5 31.
Qxf5 Qe7 32. Qxd5 g6 33. Ng4 Kh8 34. Qxf7 Qe2 35. Qf8+ Kh7 36. Nf6# {A nifty
little mating net.} 1-0

[Event "Pan-Am Intercollegiate Championship"]
[Site "Chess.com"]
[Date "2021.01.05"]
[Round "4.1"]
[White "Soetedjo, James"]
[Black "Wei, Jeffrey"]
[Result "1-0"]
[WhiteElo "1971"]
[BlackElo "2208"]
[PlyCount "77"]
[EventDate "2021.01.04"]
[EventRounds "9"]

{[%evp 0,77,28,20,26,27,45,5,5,16,2,13,35,7,18,18,25,5,13,8,15,2,22,0,11,11,10,
-11,-13,-23,-7,-12,0,-42,-42,-79,-86,-88,-78,-68,-82,-67,-15,-17,0,0,0,0,0,-46,
3,0,0,-53,55,56,96,57,48,53,146,140,113,104,116,82,110,116,133,48,147,139,119,
99,451,408,415,424,456,467]} 1. d4 Nf6 2. Nf3 g6 3. e3 Bg7 4. Be2 O-O 5. O-O d6
6. b3 Nbd7 7. Bb2 b6 8. Nbd2 Bb7 9. c4 e5 10. dxe5 Ng4 11. Rb1 Ngxe5 12. Nxe5
dxe5 13. Bf3 Bxf3 14. Qxf3 Nc5 15. Rfd1 f5 16. Ba3 e4 17. Qg3 Qe7 18. Bxc5 bxc5
19. f3 Rad8 20. fxe4 Bc3 21. Nf1 fxe4 22. Rxd8 Rxd8 23. Qg4 Rd3 24. Rd1 Qd6 25.
Rb1 Qe5 26. Rd1 Rxd1 27. Qxd1 Qe7 28. Qd5+ Kg7 29. Ng3 a5 30. Nxe4 Bb2 31. Qd3
Be5 32. Nd2 Bf6 33. Nf3 h5 34. e4 Qe8 35. Kf1 g5 36. e5 Bxe5 37. Qe2 g4 38.
Qxe5+ Qxe5 39. Nxe5 1-0

[Event "*Pan-Am Intercollegiate Championship"]
[Site "Chess.com"]
[Date "2021.01.05"]
[Round "4.2"]
[White "Ng, Kelvin"]
[Black "Shi, Jason"]
[Result "1-0"]
[WhiteElo "1937"]
[BlackElo "2278"]
[Annotator "Ralph Dubisch"]
[PlyCount "67"]
[EventDate "2021.01.04"]
[EventRounds "9"]

{[%evp 0,67,26,15,77,67,67,60,38,32,25,-3,21,29,40,20,20,16,14,7,7,1,22,22,71,
32,86,86,85,92,98,94,98,56,38,18,62,39,66,67,79,51,52,37,37,2,259,259,336,333,
405,128,475,497,476,470,503,503,523,485,551,568,29991,29992,29997,29998,29999,
29998,29999,-30000]} 1. e4 c6 2. d4 d5 3. exd5 cxd5 4. Bd3 Nc6 5. c3 Nf6 6. Bf4
Bg4 7. Nf3 (7. Qb3 {is standard here.}) 7... e6 8. O-O Bd6 9. Bg3 Bxg3 10. hxg3
h5 11. Nbd2 h4 12. gxh4 Rxh4 (12... Ne4 $5 13. Nxe4 Bxf3 14. Qxf3 Qxh4 15. Qh3
Qxh3 16. gxh3 dxe4 17. Bxe4 Rxh3 18. Kg2) 13. Qb3 $1 Bxf3 14. Nxf3 Rh6 15. Qxb7
$1 Ne7 16. Bb5+ $6 ({Tempting, but the black king is probably safer on f8 than
on e8, and White is building a box around his queen.} 16. Qb3 $16 {.}) 16...
Kf8 17. a4 $6 (17. Bd3) 17... g6 (17... Rb8 18. Qxa7 Ra8 19. Qc5 (19. Qb7 Rb8
20. Qa7 Ra8) 19... Ne4 20. Qa3 Kg8 {and Black has a force advantage on the
kingside.}) 18. g3 a6 19. Bd3 Ng4 20. Rab1 ({Perhaps getting queen out of the
danger zone and consolidating one extra pawn is again the safest way to play:} 
20. Qb3 $16 {.}) 20... Kg7 21. Kg2 Rb8 22. Qxa6 Qh8 ({Black needs to find the
sneaky trick} 22... Ne3+ $1 {to stay in the game.} 23. fxe3 (23. Kg1 $5 $13)
23... Rb6 24. Ne5 ({The idea is to meet} 24. Qa5 {with} Rxb2+ 25. Rxb2 Qxa5 {
, when Black should have some winning chances.}) (24. Qa7 Nc6 25. Qxb6 Qxb6 26.
b4) 24... Rxa6 25. Rxf7+ Kg8 26. Bxa6) (22... Rb6 23. Qa5 Ne3+ 24. Kg1 $13 {
is a different approach to the trick, though perhaps less sneaky.}) 23. Qd6 $18
Nf5 24. Qf4 Rh3 (24... Rh2+ $2 25. Nxh2 Qxh2+ 26. Kf3 {and the white king is
surprisingly safe.}) 25. Rh1 Rxb2 (25... Nfe3+ 26. fxe3 Rxh1 27. Rxh1 Rxb2+ 28.
Kg1 {and now Black can lose the endgame following} Qxh1+ 29. Kxh1 Nf2+ 30. Kg1
Nh3+ 31. Kf1 Nxf4 32. exf4 {.}) 26. Rxb2 Rxh1 27. Qxg4 Rd1 28. Bf1 Qc8 29. Nh4
Nxh4+ 30. Qxh4 Qxc3 31. Rb8 f5 32. Qh8+ Kf7 33. Rb7+ Qc7 34. Rxc7# 1-0

[Event "Pan-Am Intercollegiate Championship"]
[Site "Chess.com"]
[Date "2021.01.05"]
[Round "5.1"]
[White "Sprumont, Oscar"]
[Black "Kim, Yoon-Young"]
[Result "1/2-1/2"]
[WhiteElo "2100"]
[BlackElo "2447"]
[PlyCount "125"]
[EventDate "2021.01.04"]
[EventRounds "9"]

{[%evp 0,125,18,23,23,-10,-11,24,18,16,37,15,35,4,21,7,42,20,54,32,74,45,45,21,
21,27,40,33,35,42,48,20,12,34,32,25,33,51,68,76,62,59,63,72,72,83,67,68,152,
141,138,174,172,176,168,194,207,216,214,182,183,201,201,216,217,220,230,152,
154,152,154,162,153,115,179,82,141,138,121,149,145,110,71,102,55,30,41,50,161,
138,210,215,194,223,221,214,221,195,196,207,207,32,28,28,36,41,26,7,34,26,26,0,
0,0,0,0,-10,-83,0,0,0,0,0,0,0,0,0,0]} 1. Nf3 d5 2. c4 d4 3. b4 g6 4. d3 Bg7 5.
g3 e5 6. Bg2 Ne7 7. O-O O-O 8. Bb2 a5 9. b5 a4 10. Na3 Nd7 11. Qd2 Nc5 12. Nc2
Re8 13. Rab1 Bf5 14. Ba3 Qd6 15. Qb4 b6 16. Nh4 Rad8 17. Nxf5 Nxf5 18. Qd2 h5
19. Nb4 e4 20. dxe4 Nxe4 21. Bxe4 Rxe4 22. Nc6 Qxa3 23. Nxd8 Qc3 24. Qd3 Re8
25. Nc6 Bh6 26. Rfd1 Bg7 27. Rdc1 Qxd3 28. exd3 Re2 29. Ra1 Kf8 30. Kf1 Rb2 31.
Rcb1 Rd2 32. Rd1 Rb2 33. Ke1 Bh6 34. Ne5 Ke7 35. Nf3 Kd6 36. h4 Kc5 37. Ng5 Nd6
38. Rdb1 Rc2 39. Rc1 Rb2 40. Rd1 Kb4 41. Rab1 Ka3 42. Rxb2 Kxb2 43. Rd2+ Ka3
44. Rc2 Bg7 45. Ke2 Bf6 46. Kf3 Be5 47. Ne4 Nb7 48. Nd2 Nc5 49. Nb1+ Kb4 50.
a3+ Kb3 51. Rd2 Bg7 52. Ke2 Bh6 53. f4 Bf8 54. Kd1 Ne6 55. Kc1 Bxa3+ 56. Nxa3
Kxa3 57. Kc2 Ng7 58. Rd1 Nf5 59. Ra1+ Kb4 60. Rb1+ Ka3 61. Ra1+ Kb4 62. Rb1+
Ka3 63. Ra1+ 1/2-1/2

[Event "Pan-Am Intercollegiate Championship"]
[Site "Chess.com"]
[Date "2021.01.05"]
[Round "5.2"]
[White "Webster, Dex"]
[Black "Ng, Kelvin"]
[Result "0-1"]
[WhiteElo "2265"]
[BlackElo "1937"]
[PlyCount "142"]
[EventDate "2021.01.04"]
[EventRounds "9"]

{[%evp 0,142,22,28,23,-20,0,1,-4,-4,13,3,-6,-17,-2,-3,-16,-11,-10,-14,18,4,22,
-3,-7,-16,55,49,51,69,73,72,71,63,67,62,62,53,71,50,76,76,85,56,88,63,52,36,91,
88,97,84,84,81,108,115,119,88,86,84,84,80,81,87,92,61,81,2,4,11,11,20,20,21,21,
9,13,12,5,-15,-15,-15,-2,-21,-35,-14,-2,-64,17,-31,-26,0,0,-60,-60,-63,-62,
-165,-140,-109,-113,-187,-196,-224,-233,-527,-580,-580,-611,-631,-621,-645,
-550,-664,-680,-675,-745,-745,-771,-999,-992,-992,-932,-992,-1353,-1884,-1944,
-2372,-1924,-2352,-2465,-29965,-29966,-29967,-1439,-29977,-29978,-29993,-29994,
-29995,-29996,-29997,-29998,-29999,-30000]} 1. Nf3 d5 2. g3 Nf6 3. Bg2 Bf5 4.
O-O c6 5. d3 Nbd7 6. c4 dxc4 7. dxc4 e5 8. Nc3 Bc5 9. Na4 Qe7 10. Nxc5 Nxc5 11.
b4 Rd8 12. Qe1 Na6 13. a3 e4 14. Nh4 Bg6 15. Qc3 O-O 16. Nxg6 hxg6 17. Bb2 c5
18. b5 Nc7 19. Rad1 Rxd1 20. Rxd1 Re8 21. e3 b6 22. a4 Ne6 23. Qe5 Nc7 24. Qxe7
Rxe7 25. Rd8+ Kh7 26. Bc3 Nfe8 27. a5 f5 28. Rb8 bxa5 29. Bxa5 Nd6 30. Bf1 Ne6
31. h4 g5 32. hxg5 Nxg5 33. Be2 Nf3+ 34. Kg2 Ne5 35. Bc3 Nexc4 36. Bxc4 Nxc4
37. Rc8 Nd6 38. Rxc5 Rb7 39. Rd5 Nxb5 40. Be5 a5 41. Ba1 g6 42. g4 fxg4 43. Rd8
g5 44. Ra8 Ra7 45. Rb8 Na3 46. Re8 Nc2 47. Be5 a4 48. Rc8 Nb4 49. Bd4 Ra6 50.
Rb8 Nc2 51. Rb7+ Kg6 52. Rc7 Nxd4 53. exd4 a3 54. Rc1 a2 55. Ra1 Ra3 56. d5 Kf5
57. d6 Ke6 58. Kf1 Kxd6 59. Ke2 Ke5 60. Kd2 Kf4 61. Ke2 Ra4 62. Kf1 Kf3 63. Kg1
g3 64. fxg3 Kxg3 65. Kf1 Kf3 66. Ke1 g4 67. Kf1 Rb4 68. Re1 Rb1 69. Kg1 Rxe1+
70. Kh2 Re2+ 71. Kg1 a1=Q# 0-1

[Event "Pan-Am Intercollegiate Championship"]
[Site "Chess.com"]
[Date "2021.01.05"]
[Round "5.2"]
[White "Getz, Nate"]
[Black "Post, Gregory"]
[Result "1-0"]
[WhiteElo "1701"]
[BlackElo "1267"]
[PlyCount "61"]
[EventDate "2021.01.04"]
[EventRounds "9"]

{[%evp 0,61,33,18,18,1,40,40,58,49,49,56,54,34,51,35,32,43,40,44,44,43,37,45,
64,15,40,40,45,44,51,54,68,88,77,73,143,73,93,122,175,145,301,280,337,384,356,
356,396,411,489,345,489,617,695,733,1103,1223,29995,29996,29997,29998,29999,
-30000]} 1. d4 Nf6 2. c4 g6 3. Nc3 d5 4. cxd5 Nxd5 5. e4 Nxc3 6. bxc3 Bg7 7.
Bc4 c5 8. Ne2 Nc6 9. Be3 O-O 10. O-O Qc7 11. Rc1 Rd8 12. Qd2 Na5 13. Bd3 c4 14.
Bc2 b6 15. f4 Bb7 16. f5 Nc6 17. Bh6 Bf6 18. Bg5 Bh8 19. Qe3 Rf8 20. Nf4 e6 21.
fxe6 fxe6 22. Nxe6 Rxf1+ 23. Rxf1 Qd7 24. d5 Ne5 25. Qf2 Qf7 26. Qh4 Qd7 27.
Bf6 Re8 28. Bxh8 Kxh8 29. Qf6+ Kg8 30. Qf8+ Rxf8 31. Rxf8# 1-0

[Event "Pan-Am Intercollegiate Championship"]
[Site "Chess.com"]
[Date "2021.01.05"]
[Round "6.1"]
[White "Soetedjo, James"]
[Black "Ramirez Esqueda, Edson"]
[Result "1-0"]
[WhiteElo "1971"]
[BlackElo "1927"]
[PlyCount "87"]
[EventDate "2021.01.04"]
[EventRounds "9"]

{[%evp 0,87,23,26,29,18,45,16,7,12,4,20,35,0,25,17,23,-21,-3,-13,-2,-23,-23,
-12,-3,0,0,-16,-8,-16,7,1,0,7,18,7,14,3,25,22,28,7,13,-17,-17,-18,-6,-20,-29,
-43,-3,-10,0,-21,0,0,-3,-23,0,-44,4,-101,-95,-164,-206,-214,-153,-159,-229,
-249,-89,-146,-88,-131,-148,-238,-254,-226,-200,-195,0,-96,-97,-800,-1002,
-1008,29997,29998,29999,-30000]} 1. d4 Nf6 2. Nf3 g6 3. e3 Bg7 4. Be2 O-O 5.
O-O d6 6. b3 Nbd7 7. Bb2 c5 8. dxc5 Nxc5 9. Nbd2 Bd7 10. c4 a5 11. Nd4 Qb6 12.
Nb5 Bc6 13. Nf3 Rad8 14. Nfd4 d5 15. Qc1 dxc4 16. Bxc4 Be4 17. Rd1 Rc8 18. Qd2
Rfd8 19. Bc3 Ra8 20. Qe1 Nd5 21. f3 Nxc3 22. Nxc3 Bc6 23. Nxc6 bxc6 24. Rac1
Rxd1 25. Rxd1 Rd8 26. Ne2 Nb7 27. Rxd8+ Qxd8 28. e4 Qb6+ 29. Qf2 c5 30. Qg3 Nd6
31. h4 Nxc4 32. bxc4 Qb1+ 33. Kh2 Qb2 34. Ng1 Bd4 35. Nh3 Qxa2 36. Qb8+ Kg7 37.
Qe8 Qxc4 38. Qxe7 a4 39. h5 a3 40. h6+ Kxh6 41. Qg5+ Kg7 42. Nf4 a2 43. Nh5+
Kf8 44. Qd8# 1-0

[Event "Pan-Am Intercollegiate Championship"]
[Site "Chess.com"]
[Date "2021.01.05"]
[Round "6.1"]
[White "Holder, L Dillon"]
[Black "Whale, Nicholas"]
[Result "0-1"]
[WhiteElo "1795"]
[BlackElo "2065"]
[Annotator "Nicholas Whale"]
[PlyCount "100"]
[EventDate "2021.01.04"]
[EventRounds "9"]

{[%evp 0,100,26,40,49,62,44,31,41,22,45,7,7,-12,21,9,-7,5,3,0,-15,-25,-26,-31,
-34,-35,-21,-32,-11,-17,7,27,30,11,9,4,12,7,16,26,46,32,28,33,28,10,-3,-35,-27,
-35,-31,-30,-30,-55,-68,-78,-61,-64,-64,-60,-58,-93,-74,-159,-92,-141,-122,
-190,-226,-232,-227,-327,-262,-519,-222,-189,-202,-226,-203,-200,-215,-211,
-211,-205,-217,-374,-352,-356,-392,-386,-385,-371,-394,-405,-418,-430,-389,
-417,-387,-416,-431,-425,-434] I think this was the best game I played in the
tournament, although it was not without some adventures along the way.} 1. e4
c5 2. Nf3 Nc6 3. d4 cxd4 4. Nxd4 Nf6 5. Nxc6 {Not bad, of course, but
obviously not the most testing line.} bxc6 6. Bd3 d6 7. c4 {With a kind of
Marcozy bind, except that White doesn't have control of d5, which defeats the
whole purpose of the setup.} g6 8. Nc3 Bg7 9. O-O O-O 10. h3 Rb8 11. Qe2 Nd7 $1
{I was quite proud of this plan, maneuvering the knight to either c5 or e5.}
12. Be3 Qc7 (12... Qa5 $1 {is more aggressive and better.}) 13. Rac1 Ne5 14.
Bb1 Be6 $2 {However, this move is the start of trouble, by playing too
directly to win the c4-pawn.} 15. b3 Qa5 {Threatening ...Nxc4, but there's a
very strong reply.} 16. Bd2 $1 {This does several good things for White:
covers the knight again to avoid the cheapo and threatens both the obvious Nd5
discovery and a sneaky idea of f4-f5.} Bc8 (16... c5 {was the other choice but
I didn't want to give up the d5 square.}) (16... Qc7 $4 {or some other
careless move walks into} 17. f4 $1 Nd7 18. f5 {trapping the bishop.}) 17. f4
Nd7 18. Kh1 (18. Nd5 {can luckily be met by} Qd8) 18... Qc7 19. Qf2 {Obviously,
White is the one making progress here. I couldn't see what to do so decided to
try and bait him into something, which is obviously a risky strategy.} Nb6 $6
20. f5 (20. c5 {is also quite strong.}) 20... Nd7 {Now at least I can use e5.}
21. Qh4 Ne5 22. Bg5 f6 23. Bh6 $2 {This was a very pleasant surprise.} ({
White should play more patiently with} 23. Be3 {when my position remains quite
unpleasant. After the text, I have a forcing sequence to at least a small
advantage.}) 23... g5 $1 24. Qh5 Bd7 $1 {Threatening ...Be8, but also setting
a more sinister trap.} 25. Bxg7 Kxg7 26. h4 $2 {Tempting, but also nearly
losing. White should retreat the queen instead.} g4 $1 {Again threatening ...
Be8 next, which will now trap the queen. I initially thought I was just
winning, but not quite...} 27. Rf4 ({The other option was} 27. Ne2 {, but it's
still close to being lost:} Be8 28. Nf4 Qd7 (28... Bxh5 29. Ne6+) 29. Ne6+ Qxe6
$1 30. Qxe8 Rfxe8 31. fxe6 c5 {and with such an awful bishop, it looks grim
for White.}) 27... Be8 28. Rxg4+ Nxg4 (28... Kh8 $2 {was my original plan but
White can save himself with} 29. Qh6 $1) 29. Qxg4+ Kh8 {This should be winning,
but my technique left something to be desired.} 30. Ne2 (30. Qf4) 30... Rg8 31.
Qf4 Qa5 $6 ({The more forcing} 31... Bh5 {is better, with the idea of ...
Rg4xh4+}) 32. c5 $6 ({Stockfish much prefers} 32. g4 {, when I was going to
play} Qe5) 32... Rd8 33. Nd4 dxc5 $1 34. Ne6 Qd2 $1 {The point.} 35. Qf1 Rd6 ({
Missing the prettier} 35... Rg4 $1 36. Nxd8 Rxh4+ 37. Kg1 Qe3+ 38. Qf2 Qxc1+)
36. Rxc5 Qd1 ({Again} 36... Rg4 $1 {is stronger.}) 37. Rc1 (37. Qxd1 Rxd1+ 38.
Kh2 Rxb1) 37... Qg4 38. Qf2 Rd1+ 39. Rxd1 Qxd1+ 40. Qg1 {I was pretty annoyed
that White was still hanging around, somehow.} Qg4 41. Qf2 Bf7 $1 {Time to
bring in the reserves.} 42. Nd4 {This finally lets me simplify the position,
but there's really nothing good to do.} Qd1+ 43. Qg1 Qxg1+ 44. Kxg1 Rd8 $1 {
Winning another piece, after which the rest is easy.} 45. Nxc6 Rd1+ 46. Kh2
Rxb1 47. Nxa7 Kg7 48. Nc6 Kf8 49. e5 fxe5 50. Nxe5 Rb2 {White has a bunch of
pawns, but the rook easily gobbles them up.} 0-1

[Event "Pan-Am Intercollegiate Championship"]
[Site "Chess.com"]
[Date "2021.01.05"]
[Round "6.3"]
[White "Patric Clark, Ryan"]
[Black "Agrawal, Varun"]
[Result "0-1"]
[WhiteElo "1317"]
[BlackElo "1450"]
[PlyCount "102"]
[EventDate "2021.01.04"]
[EventRounds "9"]

{[%evp 0,102,26,26,59,47,35,31,62,56,102,66,64,64,66,64,50,34,35,14,21,16,16,
-62,41,50,36,-27,86,41,37,10,83,105,113,-41,-34,-44,0,0,0,-74,-59,-70,-39,-122,
-107,-142,-166,-175,-65,-154,-117,-152,-160,-313,-90,-128,-128,-123,-134,-203,
-151,-198,-175,-414,-158,-385,-133,-180,-162,-162,-106,-201,-185,-222,-190,
-419,-374,-477,-541,-538,-526,-526,-415,-487,-501,-501,-365,-590,-589,-621,
-295,-752,-871,-815,-858,-858,-874,-884,-884,-878,-736,-763,-735]} 1. d4 f5 2.
c4 e6 3. Nc3 d5 4. Nf3 c6 5. g3 Nf6 6. Bg2 Bd6 7. O-O O-O 8. Qd3 Ne4 9. h4 Nd7
10. Bg5 Ndf6 11. Ne5 h6 12. Bf4 Nh5 13. Be3 Qf6 14. cxd5 exd5 15. Bf3 Nhxg3 16.
fxg3 Nxg3 17. Bf4 Nxf1 18. Rxf1 g5 19. hxg5 hxg5 20. Bh2 f4 21. Ng4 Qg7 22. Nd1
Bf5 23. Qd2 Rae8 24. Ndf2 Be4 25. Nh3 Bc7 26. Kh1 Bb6 27. Bg1 Bd8 28. Kg2 Bc7
29. Nhf2 Re6 30. Nh3 a6 31. a4 Rfe8 32. Re1 Kh7 33. b4 Kg6 34. a5 Qh7 35. Bf2
Qe7 36. Ng1 Rh8 37. Nh3 Bd6 38. Ng1 Bxb4 39. Qa2 Bxe1 40. Bxe1 Bxf3+ 41. Kxf3
Re3+ 42. Kg2 Qe4+ 43. Kf1 Rh1 44. Bf2 Rc3 45. Ne5+ Kg7 46. Nd3 f3 47. Qd2 fxe2+
48. Qxe2 Rxd3 49. Qxe4 dxe4 50. Kg2 Rxg1+ 51. Bxg1 Ra3 0-1